00356nam a22000977a 4500082002100000100002400021245014000045260004300185300002100228563000900249 a345.5491023bDAR aDar, Sultan Mahmood aManual of Anti-Corruption Laws in Pakistan:bwith all amendments and up to date case laws /cSultan Mahmood Dar and Ch. Shahid Tabassam aLahore :bImran Law Book House,c2020. a808 p. ;c24 cm. aHBK.